| 000 | 00967nam a22003137a 4500 | ||
|---|---|---|---|
| 001 | 00563 | ||
| 003 | DO-SdBNP | ||
| 005 | 20240305081328.0 | ||
| 007 | 00563 | ||
| 008 | 160622b 2006 sp || 00| 0 spa d | ||
| 020 | _a9587043936 | ||
| 040 |
_aBPMSU _bspa _cBPMSU |
||
| 082 | 4 |
_aB869.4 _bP661v 2006 _222 |
|
| 100 | 1 |
_aPiñon, Nélida, _d1937- _961 |
|
| 245 | 1 | 0 |
_aVoces del desierto / _cNélida Piñon ; traducción Mario Merlino |
| 260 |
_aColombia : _bAlfaguara, _c2006. |
||
| 300 |
_a312 p. ; _c23 cm. |
||
| 500 | _aIncluye datos biográficos del autor en la solapa de la cubierta | ||
| 500 | _a | ||
| 534 |
_pTítulo original : _tVozes do deserto |
||
| 585 | _aPremio Príncipe de Austurias de las Letras 2005 | ||
| 590 | _aInventariado, 2024/VM | ||
| 650 | 4 | _aNovela brasileña | |
| 650 | 4 |
_aEmociones _vNovela |
|
| 650 | 4 | _aLiteratura brasileña | |
| 700 | 1 |
_aMerlino, Mario, _etr. |
|
| 910 | _aVMateo V. Control de calidad.BPMSU | ||
| 942 |
_2ddc _cBK |
||
| 999 |
_c10491 _d10491 |
||